Catalog

Record Details

Catalog Search



Available copies

  • 1 of 1 copy available at LARL/NWRL Consortium.

Current holds

0 current holds with 1 total copy.

Show All Copies
Location Call Number / Copy Notes Barcode Shelving Location Status Due Date
Greenbush Public Library ROT (Text) 35500004433411 Main Available -

Record details

  • ISBN: 9780374225421 (alk. paper)
  • ISBN: 0374225427 (alk. paper)
  • Physical Description: 372 p. 24 cm.
  • Publisher: New York : Farrar, Straus and Giroux, 2009.

Content descriptions

General Note:
"Sarah Crichton books."
Subject: Radio personalities > Fiction.
Uxoricide > Fiction.
Toronto (Ont.) > Fiction.
Genre: Legal stories.
Suspense fiction.
LDR 01431cam a22003738a 4500
001100624
003LARL_NWRL_CONSORTIUM
00520090205090231.0
008080918s2009 nyu 000 1 eng
010 . ‡a2008041264
020 . ‡a9780374225421 (alk. paper)
020 . ‡a0374225427 (alk. paper)
035 . ‡a(OCoLC)243544501
040 . ‡aDLC ‡cDLC ‡dBTCTA ‡dBAKER ‡dYDXCP
043 . ‡an-cn-on
08200. ‡a813/.6 ‡222
1001 . ‡aRotenberg, Robert, ‡d1953- ‡0(LARL_NWRL_CONSORTIUM)199675
24510. ‡aOld City Hall / ‡cby Robert Rotenberg.
260 . ‡aNew York : ‡bFarrar, Straus and Giroux, ‡c2009.
300 . ‡a372 p. ‡c24 cm.
500 . ‡a"Sarah Crichton books."
650 0. ‡aRadio personalities ‡vFiction.
650 0. ‡aUxoricide ‡vFiction.
651 0. ‡aToronto (Ont.) ‡vFiction. ‡0(LARL_NWRL_CONSORTIUM)167648
655 7. ‡aLegal stories. ‡2gsafd
655 7. ‡aSuspense fiction. ‡2gsafd
901 . ‡a100624 ‡bOCLC ‡c100624 ‡tbiblio

Additional Resources